Pháp luật trong quản lý và kinh doanh
Lý luận cơ bản về nhà nước và pháp luật. Một số chế độ pháp lý chủ yếu về quản lý và kinh doanh: Địa vị pháp lý của doanh nghiệp, hợp đồng kinh tế, quy chế pháp lý về sử dụng lao động trong kinh doanh. Trách nhiệm pháp lý trong quản lý...
Salvato in:
| Autore principale: | |
|---|---|
| Natura: | Libro |
| Lingua: | Undetermined |
| Pubblicazione: |
Hà Nội
Nông nghiệp
1999
|
| Soggetti: | |
| Tags: |
Aggiungi Tag
Nessun Tag, puoi essere il primo ad aggiungerne! !
|
| Thư viện lưu trữ: | Trung tâm Học liệu Trường Đại học Cần Thơ |
|---|
| LEADER | 01107nam a2200229Ia 4500 | ||
|---|---|---|---|
| 001 | CTU_42833 | ||
| 008 | 210402s9999 xx 000 0 und d | ||
| 020 | |c 26000 | ||
| 082 | |a 346.59707 | ||
| 082 | |b V305 | ||
| 100 | |a Nguyễn, Hữu Viện | ||
| 245 | 0 | |a Pháp luật trong quản lý và kinh doanh | |
| 245 | 0 | |c Nguyễn Hữu Viện | |
| 260 | |a Hà Nội | ||
| 260 | |b Nông nghiệp | ||
| 260 | |c 1999 | ||
| 520 | |a Lý luận cơ bản về nhà nước và pháp luật. Một số chế độ pháp lý chủ yếu về quản lý và kinh doanh: Địa vị pháp lý của doanh nghiệp, hợp đồng kinh tế, quy chế pháp lý về sử dụng lao động trong kinh doanh. Trách nhiệm pháp lý trong quản lý và kinh doanh: Trách nhiệm hành chính, trách nhiệm hình sự | ||
| 650 | |a Economics | ||
| 650 | |x Law and legislation | ||
| 650 | |z Vietnam | ||
| 904 | |i Nguyễn Quang Điền (Nguyên sửa) | ||
| 980 | |a Trung tâm Học liệu Trường Đại học Cần Thơ | ||